000 00755nam a22002177a 4500
003 UA-OsUOA
001 113439
007 ta
008 20150908b un ||||| |||| 00| 0 ukr d
100 _aБогдан Т.П.
090 _a330(477)
_bБ73
942 _cSA
040 _aUA-OsUOA
_bukr
_cUA-OsUOA
_dUA-OsUOA
245 _aГлобальні й внутрішньоекономічні фактори переливів іноземного позичкового капіталу та їх наслідки для економіки України
300 _aС.39-57
955 _a0
041 _aukr
080 _a330(477)
773 0 _w113436
_tФінанси України
_dК.
_d2015
_g7
650 7 _a330 Економіка взагалі
_2UDC
999 _c400080
_d400080